| 000 | 00448nam a2200157 i 4500 | ||
|---|---|---|---|
| 001 | 74701 | ||
| 003 | ES-MaACL | ||
| 005 | 20230906172223.0 | ||
| 007 | t| | ||
| 008 | 040920s1970 pr ||||1| spa d | ||
| 100 | 1 |
_aGonzález Torres, Rafael A. _958986 |
|
| 245 | 1 | 3 |
_aUn hombre se ha puesto de pie / _cRafael A. González Torres. |
| 260 |
_a[Puerto Rico] : _bAnaya, _c[1970] |
||
| 300 |
_a158 p. ; _c20 cm. |
||
| 852 |
_aES-MaACL _jC-40090 _bR.74600 |
||
| 999 |
_c74701 _d74701 |
||